000 01820cam a22004814i 4500
003 PE-LiUPU
005 20250731173117.0
008 190829s2009 pe r 000 0 spa d
035 _a(Sirsi) a252532
040 _aPE-LiUPU
_bspa
_cPE-LiUPU
_erda
049 _aPRUA
082 0 4 _a242
_bF38
_223
100 1 _aFernández, Israel,
_eautor.
245 1 0 _aCruzando la cerca /
_cIsrael Fernández.
264 1 _aLima :
_bFortaleza,
_c2009.
300 _a110 páginas ;
_c21 centímetros
336 _atext
_2rdacontent
337 _aunmediated
_2rdamedia
338 _avolume
_2rdacarrier
505 0 _aLa razón -- Había una vez una oveja negra -- Cuatro que cruzarón -- Entre rejas -- Jugar con el amor -- ¿Qué pasaría si lo supieras? -- Amor de hogar -- Inocente curiosidad -- Ilusión de libertad.
526 _aSEG42
526 _aSEG41
526 _aSEG40
526 _aSEG39
526 _aP94
526 _aP87
526 _aP86
526 _aP85
526 _aP77
526 _aP76
526 _aP35
650 0 4 _aEspiritu de calidad.
650 0 4 _aValores.
650 0 4 _aLiteratura para jóvenes.
910 _abgr
_brrch
_crrch
_d20190829
942 _2ddc
_cBOOK
994 _aC0
_bPEPRU
596 _a1
999 _a242 F38
_wDEWEY
_c31758
_i80370
_lCRAI-HOUSE
_mBUL
_p15.00
_r0
_sY
_tBOOK
_u2019-8-29
_xUNKNOWN
_zUNKNOWN
_0DONACION
_o.STAFF. Colección General
_d31758
999 _a242 F38
_wDEWEY
_c2
_i80371
_lCRAI-HOUSE
_mBUL
_p15.00
_r0
_sY
_tBOOK
_u2019-8-29
_xUNKNOWN
_zUNKNOWN
_0DONACION
_o.STAFF. Colección General
999 _a242 F38
_wDEWEY
_c3
_i80372
_lCRAI-HOUSE
_mBUL
_p15.00
_r0
_sY
_tBOOK
_u2019-8-29
_xUNKNOWN
_zUNKNOWN
_0DONACION
_o.STAFF. Colección General
980 _81
_gALBERTO SANCHEZ Responsable de Automatización